000 00488nab a2200145Ia 4500
003 ES-SlBCS
005 20220625200734.0
008 140529s1999 xxu||||| |||| 00| 0 spa d
041 _aspa
100 1 _aCarriedo Tejedo, Manuel
_967731
245 0 0 _aEl obispo Salvato y el episcologio salmanticense de la segunda mitad del siglo X
_c Manuel Carriedo Tejedo
651 4 _aSalamanca-Siglo X
_9318003
773 0 _tSalmanticensis
_gvol. 46, nº. 2, 1999, págs. 243-262
_wRev409
942 _cAR
999 _c732525
_d732525